000 00656nam a2200205Ii 4500
003 JO-AjNU
008 230605s9999||||xx |||||||||||||| ||und||
040 _aJO-AjNU
_bara
_erda
_cJO-AjNU
041 _aara
050 1 4 _aLB1051 1984
100 3 _aعربي،فخري حسين مؤلف/أحمد،لطفي بركات م.مشارك,
_eauthor
_915414
245 0 0 _aإتجاهات نفسية وتربوية
250 _aط1
264 3 1 _aالرياض:تهامة،1984
300 _a140ص
336 _atext
_btxt
_2rdacontent
337 _aunmediated
_bn
_2rdamedia
338 _avolume
_bnc
_2rdacarrier
650 4 _aعلم النفس التربوي
_915415
999 _aA4348
_c7916
_d7916